| 000 | 00385nam a2200133Ia 4500 | ||
|---|---|---|---|
| 008 | 170516s9999 xx 000 0 und d | ||
| 245 | 2 | _aA case of lymphatic malformation/lymphangioma of the scrotum | |
| 260 | _bActa Radiologica Open | ||
| 260 | _c2013 | ||
| 300 | _a1:3 | ||
| 650 | _xRadiologic Technology | ||
| 650 | _xRadtech | ||
| 856 | _uhttp://journals.sagepub.com/toc/arra/1/3 | ||
| 999 |
_c332080 _d332080 |
||